000 00668nam a22001935i 4500
001 165309
003 ES-MaACL
005 20250716062538.0
008 990308s1881 po |||| | por d
040 _aCCPB | B
_bspa
_cCCPB | B
100 1 _aShakespeare, William,
_d1564-1616
_9105992
245 1 2 _aO mercador de Veneza /
_cWilliam Shakespeare ; traducção por Bulhão Pato.
260 _aLisboa :
_b[s.n.],
_c1881 (
_fTypographia da Academia Real das Sciencias)
300 _a255 p. ;
_c22 cm.
700 1 1 _aPato, Bulhão (
_d1829-1912),
_etrad.
_9146747
852 _aES-MaACL
_jG-8495
_z-- Enc. pasta española
999 _c165309
_d165309